Analysis of linear systems (Record no. 4150)

000 -LEADER
fixed length control field 00506nam a22001931 4500
001 - CONTROL NUMBER
control field 4150
003 - CONTROL NUMBER IDENTIFIER
control field BD-DhUET
008 - FIXED-LENGTH DATA ELEMENTS--GENERAL INFORMATION
fixed length control field 790416s1959 maua 000 0 eng
040 ## - CATALOGING SOURCE
Original cataloging agency DLC
Transcribing agency DLC
Modifying agency BD-DhUET
082 ## - DEWEY DECIMAL CLASSIFICATION NUMBER
Classification number 629.83
Item number CHE/1959
100 1# - MAIN ENTRY--PERSONAL NAME
Personal name Cheng, David K.
245 00 - TITLE STATEMENT
Title Analysis of linear systems
250 ## - EDITION STATEMENT
Edition statement 1st ed.
260 ## - PUBLICATION, DISTRIBUTION, ETC. (IMPRINT)
Place of publication, distribution, etc. London
Name of publisher, distributor, etc. Addison-Wesley Publishing
Date of publication, distribution, etc. 1959
300 ## - PHYSICAL DESCRIPTION
Extent 431 p.
490 0# - SERIES STATEMENT
Series statement Addison-Wesley series in electrical engineering
650 #0 - SUBJECT ADDED ENTRY--TOPICAL TERM
Topical term or geographic name as entry element Linear Systems
942 ## - ADDED ENTRY ELEMENTS (KOHA)
Koha item type General Book
Holdings
Shelving location Koha full call number Date acquired Price effective from Not for loan Koha item type Sublocation or collection (holding branch) Withdrawn status Damaged status Copy number Koha date last seen Source of classification or shelving scheme Koha normalized classification for sorting Piece designation (barcode) Location (home branch) Lost status
Circulation section629.83/CHE/19592014-11-132014-11-13 General BookCentral Library, BUET  12014-11-13 629_000000000000000_83CHE195978368Central Library, BUET 
Circulation section629.83/CHE/19592014-11-132014-11-13 General BookCentral Library, BUET  22014-11-13 629_000000000000000_83CHE195978370Central Library, BUET 
Circulation section629.83/CHE/19592014-11-132014-11-13 General BookCentral Library, BUET  32014-11-13 629_000000000000000_83CHE195978369Central Library, BUET 
Circulation section629.83/CHE/19592014-11-172014-11-17 General BookCentral Library, BUET  42014-11-17 629_000000000000000_83CHE19598330Central Library, BUET 
Circulation section629.83/CHE/19592014-11-172014-11-17 General BookCentral Library, BUET  52014-11-17 629_000000000000000_83CHE195924901Central Library, BUET 
Circulation section629.83/CHE/19592014-11-182014-11-18 General BookCentral Library, BUET  62017-08-28 629_000000000000000_83CHE195912682Central Library, BUET 
Reading section629.83/CHE/19592015-06-202015-06-20 Reading ItemCentral Library, BUET  72015-06-20 629_830000000000000_CHE_195924899Central Library, BUET 
Reading section629.83/CHE/19592015-06-302015-06-30 Reading ItemCentral Library, BUET  82019-09-07 629_830000000000000_CHE_195912690Central Library, BUET 
Reading section629.83/CHE/19592015-06-302015-06-30 Reading ItemCentral Library, BUET  92015-06-30 629_830000000000000_CHE_19598327Central Library, BUET 
Reading section629.83/CHE/19592015-06-302015-06-30 Reading ItemCentral Library, BUET  102015-06-30 629_830000000000000_CHE_19598331Central Library, BUET 
Reading section629.83/CHE/19592015-07-042015-07-04 Reading ItemCentral Library, BUET  112015-07-04 629_830000000000000_CHE_19598328Central Library, BUET 
Circulation section629.83/CHE/19591973-10-042018-05-12 General BookCentral Library, BUET  122018-05-12 629_830000000000000_CHE_195932058Central Library, BUET